Chanteurs français des années 60 - Statistiques

Statistiques générales
  • Ce quiz a été pris 486 fois
  • Le résultat moyen est 36 sur 61
Statistiques - réponses
Indice 1 Indice 2 Nom % Correct
Daniel (1952-1986) - l'Aziza Balavoine
92%
Leo (1916-1993) Ferré
87%
Serge (1943) - je suis malade Lama
87%
Hugues (1929) Aufray
83%
Charles (1924) Aznavour
82%
Pierre (1944-2005) - les corons Bachelet
82%
Jacques (1943) - les cactus Dutronc
82%
Johnny (1943) Hallyday
82%
Enrico (1938) Macias
81%
Eddy (1942) Mitchell
81%
Sacha (1933-2004) Distel
80%
Pierre (1934) - le zizi Perret
79%
Tino (1907-1983) Rossi
79%
Michel (1947) - les bals populaires Sardou
79%
Nino (1934-1998) Ferrer
78%
Herbert (1945) Léonard
78%
Claude (1929-2004) - Toulouse Nougaro
74%
Gilbert (1927-2001) Bécaud
73%
Dick (1945) - les chats sauvages Rivers
73%
Serge (1928-1991) Gainsbourg
72%
Daniel (1948) - mon vieux Guichard
72%
Michel (1942) - Big Bazar Fugain
71%
Claude (1939-1978) François
70%
Didier (1954) - elle Barbelivien
69%
Louis (1954) - Téléphone Bertignac
69%
Georges (1921-1981) Brassens
68%
Henri (1917-2008) Salvador
68%
Charles (1913-2001) Trenet
67%
Pierre Muraccioli (1944) - les élucubrations Antoine
66%
Jacques (1929-1978) Brel
66%
Georges (1934-2013) Moustaki
66%
Joe (1938-1980) Dassin
65%
Yves (1921-1991) Montand
62%
Richard (1938-2015) Anthony
61%
Frank (1941-2012) Alamo
58%
Marcel (1929) Amont
57%
Ricet (1932-2011) Barrier
57%
Guy (1930-2015) Béart
57%
Michel (1944) - je suis un homme Polnareff
55%
Michel (1947-1992) Berger
54%
Gérard (1945) Lenorman
54%
Michel (1946-2016) Delpech
52%
Alain (1935) - ma vie Barrière
51%
Jean (1930-2010) Ferrat
50%
Alain (1947-2009) Bashung
44%
Serge (1922-2004) - ma liberté Reggiani
44%
Leny (1932-2015) - pour une amourette Escudero
40%
Jean-Jacques (1940) Debout
39%
Maurice (1988-1972) Chevalier
37%
Eric (1942-2012) Charden
36%
Pascal (1944) Danel
33%
Gérard (1953) - rocamadour Blanchard
32%
Lucky (1944) - sur ton visage une larme Blondo
31%
Guy (1944) - n'avoue jamais Mardel
27%
Danyel (1939) - butterfly Gérard
26%
André (1917-1970) Bourvil
23%
Daniel Bevilacqua (1945) Christophe
21%
Gilles (1934) - alouette alouette Dreu
18%
Claude Dhotel (1946-2000) C.Jérôme
16%
Georges (1943) Chelon
15%
Marcel (1922-1994) Mouloudji
10%
Aucun quiz correspondant
Distribution des résultats
% des personnes avec chaque résultat
Percentile par nombre de réponses
Votre historique - résultats
Vous n’avez pas pris ce quiz